| 000 | 00464nam a2200169Ia 4500 | ||
|---|---|---|---|
| 003 | GCL | ||
| 008 | 140319s9999 xx 000 0 eng d | ||
| 040 |
_aGCL / _cGCL |
||
| 082 | 0 | 4 |
_a741.5 _bW E |
| 100 | 1 | _aWHITAKER, STEVE | |
| 245 | 1 | 0 |
_aTHE ENCYCLOPEDIA OF CARTOONING TECHNIQUES / _cWHITAKER, STEVE |
| 260 |
_a[S.N] : _bHEADLINE BOOK PUBLISHERS ، _c1990 |
||
| 300 | _a176 P | ||
| 650 | 0 | 4 | _aCARICATURES AND CARTOONS |
| 650 | 0 | 4 | _aCARTOONING |
| 942 |
_2ddc _cBK |
||
| 999 |
_c13506 _d13506 |
||